[Event "Dyfed Major"]
[Site "Fishguard"]
[Date "2020.02.16"]
[Round "5.2"]
[White "Jones, Jonathan"]
[Black "Chadaway, Stephen"]
[Result "0-1"]
[WhiteElo "1537"]
[BlackElo "1662"]
[Annotator "kemen"]
[PlyCount "85"]
[EventDate "2020.??.??"]

{[%evp 0,12,38,26,101,90,84,84,91,91,91,43,44,55,62]} 1. d4 b5 2. Bf4 (2. e4)
2... Bb7 3. e3 a6 4. Nf3 Nf6 5. Be2 (5. Nbd2) (5. c4) 5... e6 6. O-O d6 (6...
Be7 7. Nbd2 {1 Wh win,5 draws, 3 Bl wins}) 7. Nbd2 Be7 8. c3 (8. c4 bxc4 9.
Nxc4 Nh5 10. Bg3 Nxg3 11. hxg3 O-O 12. Qb3 Bd5 13. Nfd2 Nc6 14. Qc3 Bf6 15. Nf3
a5 {Kamphorst-Zapolskis, Do Hermanas qual blitz 2009,0-1}) (8. a4 $11 {
Stockfish11}) 8... Nbd7 9. Re1 O-O 10. Rc1 (10. a4) 10... Nh5 11. Bg3 Nxg3 12.
hxg3 Nf6 (12... c5 $15 {Stockfish11}) 13. c4 c6 (13... c5) 14. e4 Nd7 15. Nb3
d5 (15... Qb6 $15) 16. exd5 cxd5 17. c5 {looks risky giving Wh a protected
passed pawn, but it can be blockaded. Also Bl can hope to get rid of d4 when
the pawn becomes vulnerable} Bc6 (17... Nb8 $5) 18. Bd3 g6 19. Bb1 {this may
become a deadend for the B if Wh's K side attack gets nowhere} (19. Qd2 $16)
19... Bf6 20. Nbd2 (20. Ne5 $14) 20... Kg7 21. Nf1 (21. b4) 21... Re8 22. Ne5
Nxe5 23. dxe5 Be7 24. f4 (24. b4 {c5 needs support}) 24... a5 25. g4 h6 (25...
d4 $15 {opens lines for Bl}) 26. f5 Bg5 27. f6+ Kh7 28. Rc2 (28. Qd4 Bxc1 29.
Rxc1 b4 30. Nd2 $11 {Stockfish11- the Bl Rs have no entry}) 28... d4 $19 29.
Rce2 Qd7 (29... Rc8) 30. Bd3 b4 (30... Red8 31. a3 Qc7 $19 {Stockfish11-Wh's
Rs are very clumsy}) 31. Ng3 (31. Nd2 Qa7 32. Nc4 Qxc5 33. Rc2 Rf8 34. Nd6 Qb6
$17 {Stockfish11}) 31... Rec8 (31... Red8) 32. Ne4 Be3+ (32... Bxe4 33. Bxe4 d3
34. Qxd3 Qxd3 35. Bxd3 Rxc5 $17 {Stockfish11}) 33. Kh1 (33. Rxe3 dxe3 34. Nd6
Qa7 35. g5 Rh8 (35... Qxc5 36. Qh5 $18) 36. Qc1 hxg5 37. Rxe3 $16 {Wh's N is
equal to a R , maybe better}) 33... Rc7 (33... Qd5 $19 {gets the Q back into
the attack} 34. Nd6 Qxe5 $19 35. Rxe3 (35. Nxf7 Qg3 {mating}) 35... dxe3 36.
Nxc8 Rxc8 37. Re2 Qg3 $19 (37... Qxf6 $19)) 34. Nd6 $18 (34. Rxe3 $1 dxe3 35.
Nd6 $18 {Stockfish11}) 34... Bd5 35. Bb5 Bc6 (35... Qd8 36. Be8 $18) 36. Qa4 $2
(36. Rxe3 dxe3 37. Rxe3 Bxb5 38. Rh3 Rh8 39. Qd2 Kg8 40. Rxh6 Rh7 41. Rxh7 Kxh7
42. Qf2 Qd8 43. Nxb5 Rd7 44. Kh2 $18 {Stockfish11- a very tightly calculated
variation, difficult for humans to see}) (36. Bd3 Bg5 (36... Rh8 37. Rxe3 dxe3
38. Rxe3 Kg8 39. Rh3 Qd8 40. Kh2 $18) 37. Bc4 $18 {Stockfish11}) 36... Bxb5 37.
Qxb5 Qxb5 38. Nxb5 Rxc5 $19 39. Nd6 Kg8 (39... Ra7) (39... Rxe5 40. Nc4 (40.
Nxf7 Rd5 {traps the N}) 40... Rg5 $19) 40. Rxe3 {too late now} dxe3 41. Rxe3
Ra7 (41... Rc2 42. Rb3 Re2 43. Nc4 Re4 {Stockfish11}) 42. Rh3 Rd7 (42... Rac7)
(42... Rxe5) 43. Rb3 0-1

[Event "Dyfed Major"]
[Site "Fishguard"]
[Date "2020.02.16"]
[Round "5.3"]
[White "Hammett, Scott"]
[Black "Shepherd, Graham C"]
[Result "1/2-1/2"]
[WhiteElo "1602"]
[BlackElo "1686"]
[Annotator "kemen"]
[PlyCount "54"]
[EventDate "2020.??.??"]

{[%evp 0,10,45,-25,-19,-22,-19,-12,-9,-34,-27,-18,-1]} 1. f4 d5 2. Nf3 Nc6 (
2... Nf6) (2... g6) 3. e3 Nf6 4. Bb5 Bd7 5. O-O a6 6. Bxc6 (6. Be2 e6 7. d4 Bd6
8. Nbd2 Qe7 9. c3 O-O-O 10. Bd3 h5 11. Qe2 Nb8 12. Ne5 Ne8 13. e4 {
Hammett-Tekniepe,GBRch U1450,Llandudno 2017,1-0}) 6... Bxc6 7. b3 (7. Ne5) 7...
e6 8. Bb2 b5 (8... Be7 9. Nc3 b5 10. Ne2 Rg8 11. Ned4 Bb7 12. Ne5 Qd6 13. Ndf3
h6 14. a3 {Hammett vs Narayan-Taylor,Dyfed League 2019,1-0}) 9. Nc3 (9. Ne5 {
played, 1 game each}) 9... Bb7 10. Ne2 c5 11. Ng3 Be7 12. f5 O-O $11 13. fxe6
fxe6 14. Ng5 Qd6 15. Nh5 d4 $17 16. Nf4 (16. Nxf6+ gxf6 17. Nf3 dxe3 18. dxe3
Qxd1 19. Raxd1 Rad8 $17 {Stockfish11}) 16... e5 $19 17. Nh5 Nxh5 (17... h6 $19
{Stockfish11- Wh has spent too much time moving Ns} 18. Nxf6+ (18. Nh3 Qd5 19.
Nxf6+ Rxf6 20. Qe2 Rg6 21. Rf2 Qe6 22. Kf1 Bh4 $19) 18... Rxf6 19. Nf3 e4 20.
Ne1 (20. Nxd4 $19 {best try- Stockfish11}) 20... Rxf1+ 21. Kxf1 Qxh2 22. Qg4
Rf8+ 23. Ke2 Bc8 24. Qxe4 Qg3 25. c3 Bg4+ 26. Kd3 Bf5 $19 {Stockfish11}) 18.
Qxh5 Bxg5 (18... h6 19. Nf3 Rf6 $17 {Bl has more active pieces}) 19. Qxg5 h6
20. Qg4 (20. Qg3 $11) 20... Rae8 (20... dxe3 21. dxe3 Qd2 $15 {Stockfish11})
21. Rxf8+ Rxf8 22. Rf1 Rxf1+ 23. Kxf1 Qd5 24. exd4 exd4 25. d3 Kh7 26. Bc1 Qf7+
27. Kg1 Qd5 {(draw?)} 1/2-1/2

[Event "Dyfed Major"]
[Site "Fishguard"]
[Date "2020.02.16"]
[Round "5.4"]
[White "Miller, John S"]
[Black "Parri, Deio"]
[Result "1-0"]
[WhiteElo "1502"]
[BlackElo "1622"]
[Annotator "kemen"]
[PlyCount "73"]
[EventDate "2020.??.??"]

1. d4 d5 2. Nf3 Nf6 3. Bf4 g6 4. e3 Bg7 5. Nbd2 O-O 6. Be2 (6. Bd3) 6... b6 7.
O-O c5 8. c3 Nc6 9. Ne5 Bb7 10. Ndf3 (10. b4 {main}) (10. Qa4) 10... c4 (10...
Nd7 {2 Wh wins, 4 draws,1 Bl win}) 11. h3 (11. h4 {Stockfish11}) 11... b5 12.
a3 (12. a4 {Stockfish11}) 12... a5 13. Qc2 Nd7 14. Nxc6 Bxc6 15. Rad1 e6 16. g4
{perhaps does more damage to Wh's K side than to Bl's} (16. Nd2 $11) 16... Qe7
17. Bg3 Ra7 (17... b4 $15) 18. Nd2 b4 19. axb4 axb4 20. Rde1 Rfa8 $17 (20... b3
21. Qb1 Ra2 $17) 21. e4 bxc3 $17 (21... Nb6 $19 {Stockfish11}) 22. Qxc3 Qd8 23.
exd5 exd5 24. f4 Nc5 $19 (24... Rb7 $19) (24... Qc7 25. Kh2 Qb6 26. Bf2 Ra2 $19
) 25. Bf3 (25. f5 Na4 26. Qe3 Nxb2 $19 {Stockfish11}) 25... Ne6 (25... Nd3 26.
Re3 Qb6 $19 {Stockfish11}) 26. Bf2 (26. Rxe6 $5 fxe6 27. f5 Qb6 28. Bf2 Bd7 $19
{Stockfish11}) 26... Nxf4 27. Nxc4 (27. Bg2 Rb7 $19) 27... Nxh3+ 28. Kg2 Nxf2 (
28... Nf4+ 29. Kg3 Bb5 $19 {Stockfish11}) 29. Rxf2 Rc8 (29... dxc4 30. Bxc6
Bxd4 31. Qxc4 Bxf2 32. Re8+ Qxe8 33. Bxe8 Rxe8 34. Kxf2 Rb7 $19 {Stockfish11-
the 2 Rs are far superior to the Q , which has no targets , & will be unable
to protect its last 2 pawns}) 30. Ne5 Bxe5 (30... Ba8 31. Qe3 Bf6 $19 {
Stockfish11}) 31. Rxe5 Re7 (31... f6 32. Re1 Be8 33. Qe3 Bf7 $17 {Stockfish11})
32. Rfe2 (32. Qe3 $17) 32... Rxe5 (32... Bb5 $19 {Stockfish11}) 33. Rxe5 Bd7
34. Qe1 Be6 $19 35. Kg3 Qd7 (35... Qd6) 36. Qa5 f6 $2 (36... Rc4 37. Qb6 h6 $19
{but it will take a little while}) 37. Rxe6 $18 1-0

[Event "Dyfed Major"]
[Site "Fishguard"]
[Date "2020.02.16"]
[Round "5.5"]
[White "Andrews, Norman"]
[Black "Alexander, Ken"]
[Result "0-1"]
[WhiteElo "1606"]
[BlackElo "622"]
[Annotator "kemen"]
[PlyCount "59"]
[EventDate "2020.??.??"]

{[%evp 0,20,36,12,12,-10,-9,-20,-1,-20,11,-8,8,2,8,2,-6,-22,-23,-23,-18,-30,
-36]} 1. Nf3 d5 2. b3 Nf6 3. Bb2 e6 4. g3 (4. e3 {main}) 4... c5 5. Bg2 Nc6 6.
O-O Be7 {main} (6... Bd6) 7. d3 (7. d4) 7... O-O 8. c4 d4 9. Nbd2 (9. e3) (9.
e4) 9... Qc7 10. a3 e5 11. Kh1 (11. Ng5 h6 12. Nge4 Ne8 13. Bc1 $2 f5 $19 {
Jonathan Jones-Servini, Tom Weston Major 2018,0-1}) (11. Ne1 {to support b4})
11... Ne8 (11... h6 12. Qc2 Be6 13. Rad1 Rad8 14. Bc1 Bf5 15. Rfe1 Rfe8 16. Nf1
Bd6 17. N3d2 Qe7 18. e4 Be6 {Mammadov-Temizkan, Wld ch U10, Kemer 2009,1/2-1/2}
) 12. Ng1 (12. e3) 12... f5 (12... Bf5) 13. f4 $6 {leaves a hole on e3} (13. e3
{gives Wh a bit of extra space}) 13... exf4 14. gxf4 Bd6 (14... Nf6 $19) 15.
Nh3 Nf6 16. Qe1 (16. b4 $5) 16... Re8 $19 17. Rf3 Ng4 18. Nf1 b6 (18... Bd7)
19. Bc1 (19. e4 $5) 19... Bb7 20. Rg3 Na5 (20... Re7 21. Bd5+ Kh8 22. Rg2 Rae8
23. Qh4 Nf6 $19 {Stockfish11}) 21. Rb1 Bxg2+ (21... Re6) 22. Kxg2 (22. Rxg2)
22... Qb7+ 23. Rf3 Nc6 $19 24. e3 $2 {Wh is better keeping the position closed}
dxe3 25. Nxe3 Nd4 26. Ng1 Nxf3 (26... Bxf4) 27. Nxf3 Nxe3+ (27... Bxf4) 28.
Bxe3 Bxf4 29. Rb2 Rxe3 30. Re2 0-1

[Event "Dyfed Major"]
[Site "Fishguard"]
[Date "2020.02.16"]
[Round "5.6"]
[White "Brewer, Joshua"]
[Black "Evans, Gwyn"]
[Result "1-0"]
[WhiteElo "1493"]
[BlackElo "1182"]
[Annotator "kemen"]
[PlyCount "79"]
[EventDate "2020.??.??"]

{[%evp 0,11,31,31,23,-10,-10,-8,79,42,42,16,16,-35]} 1. d4 d5 2. c4 e6 3. Nf3
f5 (3... Nf6) (3... c6) 4. e3 (4. g3 {main}) 4... Nf6 5. Ne5 {a little early 
(making 2 moves with one piece , leaving the rest undeveloped)} (5. Nc3) 5...
Nbd7 (5... c6 6. Nc3 Bd6 {transposes to some 400 games}) 6. Nxd7 (6. f4 Nxe5 7.
fxe5 Ne4 8. g3 Be7 9. Bd3 O-O 10. O-O b6 11. Nd2 c5 12. cxd5 exd5 13. Qe2 c4
14. Bc2 a5 15. Nxe4 fxe4 16. Bd2 Rxf1+ 17. Rxf1 c3 18. bxc3 Ba6 19. Qf2 Bxf1
20. Qxf1 Qd7 $17 {Shkurikhin-Efimkin, RUS ch U14, Togliatti 2000,1-0}) (6. Nc3
{Deep Fritz14 & Stockfish11}) 6... Qxd7 $11 (6... Bxd7 $11) 7. c5 c6 (7... b6
$15 {undermines Wh's centre (Wh has been making lots of pawn moves}) 8. Be2 (8.
Nd2 Be7 9. Nf3 O-O 10. Bd3 Qc7 11. Ne5 $2 Bxc5 $17 {Knebel-Franke, Berlin op
2006,0-1}) 8... Be7 (8... b6 $15) 9. Nd2 b5 {this can become a target} (9... a5
10. Nf3 Qc7 11. b3 b6 12. cxb6 Qxb6 13. O-O O-O (13... Nd7 14. a4 Rb8 15. h3
O-O (15... Qxb3 16. Qxb3 Rxb3 17. Bd2 Bb4 18. Bd1 Rd3 19. Bxb4 axb4 20. Be2 Ra3
21. Rxa3 bxa3 22. Ra1 $14) 16. Ba3 Bxa3 17. Rxa3 Qb4 18. Qa1 Rb6 $11) 14. Ne5
Ba6 $11 {Stockfish11}) 10. b4 (10. a4 $1 b4 11. a5 e5 12. Nf3 e4 13. Ne5 Qe6
14. Qa4 Bd7 15. Qxb4 $16 {Stockfish11}) 10... O-O (10... a5 11. bxa5 Rxa5 12.
Nf3 Qa7 13. Qc2 O-O $11 {Stockfish11}) 11. Nf3 (11. a4 $16) 11... Ne4 (11... a5
12. a4 axb4 13. Bd2 bxa4 14. Rxa4 Rxa4 15. Qxa4 Ne4 16. Bxb4 Qb7 17. O-O Bf6
18. Ra1 g5 $14) 12. Ne5 Qc7 13. Bb2 $16 {Wh has consolidated his Q sidethough
his QB may have longterm problems in getting active} f4 {this needs a bit more
preparation} (13... a6) 14. O-O (14. exf4 Rxf4 15. O-O $18 {the extra space on
the K side helps Wh rather than Bl} Bb7 16. f3 Ng5 17. a4 bxa4 18. Rxa4 Rff8
19. Bd3 Bf6 20. Bc3 {Wh is in control on both sides of the board} (20. Re1))
14... Bg5 $2 (14... fxe3 15. fxe3 Rxf1+ (15... Bd7 $14) 16. Bxf1 a5 17. Qh5 g6
18. Qf3 Bf6 19. Bd3 Bxe5 20. dxe5 axb4 21. Bxe4 dxe4 22. Qxe4 Ra4 $14 {
Stockfish11}) 15. f3 $18 Ng3 $6 {this would be fine, if Bl can get the Q to h4
quickly} (15... Nf6 16. exf4 Bxf4 17. g3 Bxe5 18. dxe5 Ne8 19. Qd2 Qe7 20. f4
Nc7 21. h4 {and Wh , controlling the board, can build up to a decisive K side
attack}) 16. hxg3 fxg3 17. f4 Bh4 (17... Bf6 18. Bc3 Bxe5 19. fxe5 Qe7 20.
Rxf8+ Kxf8 21. Qf1+ Kg8 22. Qf4 $18 {Stockfish11}) 18. Bd3 Bb7 19. Qh5 {
and it's Wh that gets in first with his more mobile pieces} (19. Bxh7+ Kxh7 20.
Qh5+ Kg8 21. Qxh4 {also looks very good for Wh- superb N, extra piece & Bl
pieces stuck on the Q side}) 19... g5 (19... g6 {a little better, though} 20.
Qxh4 $18) 20. fxg5 (20. f5 exf5 21. Bxf5 Qe7 22. Qh6 Qg7 23. Be6+ Kh8 24. Rxf8+
Rxf8 25. Ng6+ Qxg6 26. Qxf8+ Qg8 27. Qxg8# {is Stockfish11's way of finishing
things}) 20... Bxg5 21. Qxg5+ Qg7 22. Rxf8+ (22. Qh4 {may be even stronger,
but simplyfying when material up is often a sensible course}) 22... Rxf8 23.
Qxg7+ Kxg7 24. Rf1 Rxf1+ 25. Kxf1 Kf6 26. Bxh7 Ke7 27. Ke2 Kd8 28. Kf3 Kc7 29.
Kxg3 Bc8 30. Kf4 Bd7 31. Nxd7 Kxd7 32. g4 Ke7 33. g5 Kf7 34. g6+ (34. Ke5 Kg7
35. Kxe6 Kxh7 36. Kf7 {and the pawn goes through (one of many ways)}) 34... Kf6
35. e4 (35. Bc3) 35... a6 36. exd5 exd5 37. Bc3 Kg7 38. Be1 Kf6 39. Bh4+ Kg7
40. Ke5 1-0

[Event "Dyfed Major"]
[Site "Fishguard"]
[Date "2020.02.16"]
[Round "5.7"]
[White "Gunn, Tom"]
[Black "Osinga, Awne"]
[Result "1/2-1/2"]
[WhiteElo "1422"]
[BlackElo "1297"]
[Annotator "kemen"]
[PlyCount "83"]
[EventDate "2020.??.??"]

1. d4 d5 2. Nf3 Nf6 3. e3 e6 4. Bd3 c5 (4... Be7 5. Nbd2 Bd7 6. O-O c5 7. c3 c4
8. Bc2 Nc6 9. Re1 O-O 10. e4 dxe4 11. Nxe4 b5 12. Bg5 {Gunn-Osinga,Dyfed
League 2020,0-1}) 5. c3 c4 6. Bc2 Be7 7. Nbd2 b5 8. O-O O-O 9. Re1 Nbd7 10. e4
dxe4 11. Nxe4 Bb7 12. Nxf6+ {1.5-3.5} (12. Ng3 {2.5-1.5}) 12... Bxf6 {2.5-0.5}
(12... Nxf6 {1-3}) 13. Qe2 (13. Bf4 $14 {Cloud Engines; 2.5-0.5}) 13... Re8 14.
b3 {this is not the side Wh should be playing on, & creates some weaknesses
that Bl could exploit} (14. Ne5 $14) (14. Bf4 $14) 14... Nb6 (14... Bd5 $15) (
14... Rc8 $11) 15. Bf4 {mistimed now} (15. Ne5) (15. Bd2) 15... Nd5 16. Bd2 (
16. Qe4 Nxf4 17. Qxb7 (17. Qxf4 cxb3 18. axb3 Bxf3 19. Qxf3 b4 $17) 17... Nd5
18. Qxb5 Nxc3 19. Qxc4 Rc8 20. Qd3 g6 $11 {Stockfish11}) 16... Qc7 (16... b4
$15 {Stockfish11, keeps attacking c3} 17. bxc4 bxc3 18. Be3 Nxe3 19. fxe3 e5
$17 (19... Bxf3 20. gxf3 (20. Qxf3 Rc8) 20... e5 $17)) 17. h4 (17. bxc4 bxc4
18. Ne5 g6 $11) 17... Nf4 (17... b4 {Stockfish11} 18. bxc4 Nxc3 19. Qd3 Bxf3
20. Qxh7+ Kf8 21. gxf3 Qxc4 22. Bb3 Qxd4 23. Be3 Qe5 24. Bg5 Qf5 25. Qxf5 exf5
26. Rxe8+ Rxe8 27. Bxf6 gxf6 28. a3 Rb8 29. axb4 Rxb4 30. Bc2 $11 {lands up
with both player's pawns in a mess}) 18. Qe3 Nd5 19. Qe4 g6 20. h5 $2 {this
should lose} (20. Qg4 h5 21. Qg3 Qxg3 22. fxg3 cxb3 23. Bxb3 Rec8 $17 {
Stockfish11}) 20... Nxc3 $19 (20... Nb4 $1 $19 {picks up a R (B then exchange)
or a Q for 2 pieces}) 21. Qg4 Bxf3 (21... cxb3 22. Bxb3 Bxf3 23. gxf3 (23. Qxf3
Bxd4 24. Rac1 b4 $19) 23... Rad8 $19 {Stockfish11}) 22. gxf3 (22. Qxf3 Nd5 23.
bxc4 bxc4 24. Be3 Bg7 $19 {Stockfish11}) 22... Nd5 $19 23. hxg6 fxg6 $2 (23...
hxg6 $19) 24. Kg2 (24. Rxe6 Rxe6 25. Qxe6+ Qf7 26. Qxf7+ Kxf7 27. Be4 $11 {
Stockfish11}) 24... Re7 (24... c3 25. Bh6 Qf7 $19) 25. Rh1 (25. Rxe6 $11) 25...
g5 (25... c3 $19) (25... Rb8 $19) (25... Qd7 $19) 26. Rh5 (26. Rae1 c3 27. Bc1
Qd7 28. Kf1 $11 {Stockfish11}) 26... Rg7 (26... c3 27. Bxg5 Rg7 28. Kf1 (28.
Qxe6+ Qf7 29. Qxf7+ Kxf7 30. Be4 Nf4+ 31. Kh2 Bxg5 32. Rxg5 Rxg5 33. Bxa8 Rg2+
$19) 28... Rxg5 29. Rxg5+ Bxg5 30. Qxg5+ Qg7 31. Qg4 Qxg4 32. fxg4 Rf8 $17 {
Stockfish11}) 27. Rah1 (27. Qxe6+ {Stockfish11} Qf7 28. Qxf7+ Kxf7 29. bxc4
bxc4 $11 (29... Nf4+ 30. Bxf4 gxf4+ 31. Kf1 Rag8 32. Ke2 bxc4 33. Rf5 Rg5 34.
Rxf4 Rd8 $11)) 27... Nf4+ $19 28. Bxf4 {relying on a tactic, which, however,
has a flaw} (28. Kf1 Nxh5 29. Rxh5 Rd8 $19 {relatively best, as they say})
28... gxf4 29. Bxh7+ Kf8 {not the key move} (29... Kf7 $1 $19) 30. Bg6 $16 Ke7
31. Rh7 (31. Re1 Qd7 32. d5 e5 33. Rhxe5+ Bxe5 34. Rxe5+ Kd8 35. Re6 Qxd5 36.
Re8+ Kc7 37. Rxa8 Rxg6 38. Qxg6 Qxa8 39. bxc4 bxc4 40. Qf7+ Kb6 41. Qxc4 $16 {
Stockfish11-but probably drawn}) 31... Kd6 $2 (31... Rag8 $11 32. d5 Kd8 33.
Rh8 exd5 34. R1h7 Qf7 35. Bxf7 Rxg4+ 36. fxg4 Rxh8 37. Rxh8+ Bxh8 38. Bxd5 c3
$11 {Stockfish11- level material & opposite colour Bs}) 32. Qxf4+ Kc6 33. Qxf6
Rag8 34. Rxg7 (34. Kf1 $1 $18 {Strongest-Stockfish11}) (34. d5+) (34. Qxe6+)
34... Qxg7 (34... Rxg7 35. Re1 $18 (35. d5+ $18) (35. Kf1 $18)) 35. Qxe6+ {
best- if followed up correctly} (35. Qxg7 Rxg7 36. Rh6 Kd5 37. Kf1 {simplifies}
) 35... Kc7 36. Rh7 $2 {one square too far} (36. Rh6 $1 $18 {Stockfish11} Qxh6
37. Qf7+ Kb6 38. Qxg8 Qg5+ 39. Kf1 Qc1+ 40. Ke2 Qb2+ 41. Ke3 Qc1+ 42. Ke4 $18)
(36. Qe5+ {is possible} Qxe5 37. dxe5 Rxg6+ 38. Kf1 $18 {and the R & P ending
should be winning for Wh, despite Bl getting a protected passed pawn on c3} c3
39. Ke2 (39. b4 Rh6 40. Rg1 Rg6 $14 {Stockfish11- a marvellous resource}) 39...
Ra6 40. Ra1 b4 41. f4 Ra5 42. Ke3 Kd7 43. Rd1+ Ke7 44. Rd4 Rxa2 (44... Rb5 45.
Rc4 {and the mobile Wh pawns will win}) 45. Rxb4 c2 46. Rc4 Rb2 47. Ke4 Rxb3
48. Rxc2 Rb4+ 49. Kf5 Rb7 50. Rc6 $18) 36... Qxh7 37. Qe5+ {luckily Wh has a
perpetual} Kc8 38. Qc5+ {though not this way- Stockfish11. This is the kind of
position where Engines with their calculation power are so much more effective
than humans} (38. Qe6+ Kb8 39. Qe5+ Kc8 (39... Qc7 40. Qxb5+ Qb6 (40... Kc8 $2
41. Kf1 $18)) 40. Qe6+ $11) 38... Kd8 (38... Qc7 $1 $19 39. Qf5+ Qd7 40. Qe4 (
40. Kf1 Qxf5 41. Bxf5+ Kc7 42. bxc4 bxc4 43. Ke2 Rb8 44. Kd2 Rb2+ 45. Kc3 Rxa2
46. Kxc4 Rxf2 {looks as if Wh has good drawing chances. However the presence
of a passed pawn for the R side makes all the difference. The Lomonosov
tablebases confirm that Bl has a forced mate in 80! ( with best play )}) 40...
Kc7 41. Kf1 cxb3 (41... c3 42. d5 Qd6 $19) 42. axb3 Rd8 $19 {Stockfish11}) 39.
Qd6+ Qd7 40. Qb8+ Qc8 41. Qd6+ Qd7 42. Qb8+ 1/2-1/2

[Event "Dyfed Major"]
[Site "Fishguard"]
[Date "2020.02.16"]
[Round "5.8"]
[White "Hunt, Ray"]
[Black "Foss, Michael"]
[Result "1-0"]
[WhiteElo "1518"]
[BlackElo "1478"]
[Annotator "kemen"]
[PlyCount "109"]
[EventDate "2020.??.??"]

{[%evp 0,14,33,15,24,-10,16,2,6,10,1,5,3,8,10,10,22]} 1. Nf3 Nf6 2. b3 g6 3.
Bb2 Bg7 4. e3 (4. g3) 4... O-O 5. c4 c5 (5... d6) 6. Be2 d6 (6... Nc6) 7. d3 (
7. O-O) (7. d4) 7... b6 (7... Nc6 {main}) 8. O-O Bb7 9. Nbd2 Nbd7 (9... Nc6 $11
) 10. Rc1 $146 (10. Qc2 {main, 63 %}) 10... e5 11. Rc2 Ne8 (11... Qe7 $15) 12.
h3 f5 13. Nh2 Nc7 14. Bf3 Bxf3 (14... Qc8) 15. Nhxf3 Ne6 16. Bc3 (16. Nb1 Qc8
17. Nc3 $11 {Stockfish11}) 16... a5 17. a3 Nf6 18. Nh2 (18. b4 $11) 18... e4 $2
{too impulsive} (18... Qd7 $11) (18... Rb8) 19. dxe4 $18 Nxe4 20. Bxg7 (20.
Nxe4) 20... Kxg7 21. Nxe4 fxe4 22. Rd2 (22. Qd5 Ng5 23. Rd1 Re8 24. Nf1 Nf7 25.
Ng3 Re5 26. Qd2 $16) 22... Qf6 23. Rxd6 (23. Ng4 $1 Qg5 24. Qa1+ Kg8 25. Rxd6 {
Stockfish11- even stronger}) 23... Rad8 24. Rxd8 (24. Ng4) 24... Rxd8 25. Qa1 {
gives Bl a bit of counerplay} (25. Qb1) 25... Qxa1 26. Rxa1 Rd3 27. Rb1 $16 h5
28. Kf1 Kf6 (28... a4 29. Ke2 Rxb3 (29... axb3 30. Nf3 b5 31. Ne1 Rd6 32. Rxb3
bxc4 33. Rc3 Ra6 34. Rxc4 Rxa3 35. Rxe4 Ra2+ 36. Kf1 Kf6 37. Nf3 $18 {but Bl
has some play}) 30. Rxb3 axb3 31. Kd2 $16) 29. Ke2 Rd6 (29... Rc3 30. Kd2 Rd3+
31. Kc2 g5 32. Rd1 Rxd1 33. Kxd1 Ng7 34. Nf1 Nf5 35. Nd2 Ke5 36. Ke2 $18 {
but it will take a while yet}) 30. Nf1 (30. Rd1) 30... Ke5 31. Nd2 g5 32. Rb2 (
32. Rd1) 32... g4 33. hxg4 hxg4 34. Nb1 Ng7 35. Nc3 Nf5 36. g3 {this does bung
up the extra K side pawn} (36. Rd2) 36... Ne7 37. Rb1 (37. Rd2) 37... Rd3 38.
Na4 Rd6 (38... Nc8 $11) 39. Rd1 $18 (39. b4 $18) (39. Rh1 $18) 39... Rxd1 40.
Kxd1 Nc8 41. Kd2 Kd6 42. Kc3 Kc6 43. Kc2 (43. b4 axb4+ 44. axb4 Nd6 {and Wh is
unable to get his K in to the Bl position}) 43... Nd6 44. Nc3 b5 $2 {this
helps Wh} (44... Kb7 45. Nd5 Ne8 46. Kc3 Kc6 {and it doesn't look like Wh can
make any further progress, despite Stockfish11 assesment of a Wh win} 47. Kc2
Kb7 48. b4 Kc6 49. Kb3 Kb7 50. Ka4 Ka6 51. Ne7 Nf6 {and the Engine keeps
moving Ns around with not much further success}) 45. cxb5+ Nxb5 46. Nxe4 (46.
Nxb5 Kxb5 47. Kc3 Kb6 48. Kc4 Kc6 49. a4 {and the K & P ending is also lost
for Bl}) 46... Nxa3+ 47. Kb2 Nb5 48. Nf6 {once the g pawn goes it's easy for Wh
} Nd6 49. Nxg4 (49. e4 $18) 49... Ne4 50. Ne5+ (50. Kc2) 50... Kd5 51. Nd3 Kd6
(51... c4 52. bxc4+ Kxc4 53. Kc2 a4 54. g4 a3 55. f3 $18) 52. g4 Kd5 53. f4 Ke6
54. Kc2 Kf6 55. Ne5 1-0

[Event "Dyfed Major"]
[Site "Fishguard"]
[Date "2020.02.16"]
[Round "5.9"]
[White "Hollyman, Mike"]
[Black "Bevan, Paul"]
[Result "0-1"]
[WhiteElo "1301"]
[BlackElo "1219"]
[Annotator "kemen"]
[PlyCount "54"]
[EventDate "2020.??.??"]

{[%evp 0,13,15,15,83,65,64,59,53,47,28,20,109,50,42,2]} 1. d4 f5 2. Bf4 Nf6 3.
e3 e6 4. c3 d5 5. Nf3 Ne4 (5... Bd6) (5... Be7) (5... c6) 6. Nbd2 Bd6 7. Be5 (
7. Bxd6 cxd6 8. Be2 O-O {0-2}) (7. Ne5) 7... Bxe5 (7... O-O) 8. Nxe5 O-O 9. f3
$2 (9. Be2 $14) (9. h4 $14) 9... Qh4+ 10. Ke2 Ng3+ 11. hxg3 Qxh1 $15 12. Kd3 (
12. Kf2) 12... Qh2 $19 (12... Nd7 $19) 13. Qe1 Nd7 14. f4 Nxe5+ 15. fxe5 Qh6 (
15... b6) 16. Kc2 Qg6 17. Bd3 b6 18. Qf2 c5 19. Rh1 c4 20. Be2 f4+ 21. Kc1 fxg3
22. Qe1 Rf2 23. Bh5 Qd3 24. Bf3 Bd7 25. Rh4 Ba4 26. Bd1 Bxd1 27. Qxd1 Raf8 0-1